000 01120nam a2200301 i 4500
003 DO-SdBNP
005 20250610082548.0
007 ta
008 221031b2022 dr ||||er ||| 00| 0 spa d
020 _a9789945509250
040 _aDO-SdBNP
_bspa
_cBNPHU
_erda
082 4 _222
_axxxxx
_bF363c
100 1 _aFernández Florencio, Katherine
_982613
245 1 0 _aCiudadanía y democracia :
_banálisis especializado con base en la encuesta de cultura política y cambio climático en República Dominicana /
_cKatherine Fernández Florencio, Alexandra Viloria
264 1 _aSanto Domingo :
_bFundación Friedrich Ebert Stiftung,
_c2022.
300 _a11 páginas
_c30 cm.
336 _2rdacontent
_atexto
_btxt
337 _2rdamedia
_asin mediación
_bn
338 _2rdacurrier
_avolumen
_bnc
490 1 _aDemocracia y derechos humanos ;
490 1 _aPerspectiva ;
500 _aIncluye datos biográficos de la autora en la última página.
504 _aBibliografía p: 11
590 _aInventariado, 2023/ YL
700 1 _aViloria, Alexandra
_eAutora.
_983929
910 _aYLockward
942 _2ddc
_cLF2
999 _c54373
_d54373